000
00327nam a2200145Ia 4500
008
230711s9999||||xx |||||||||||||| ||und||
041
_a
ENG
082
_a
621
_b
KH-V
100
_a
Khanna,M.L
245
0
_a
Vector analysis
250
_a
3rd
260
_c
1989
_a
New Delhi
_b
Khanna Publishers
650
_a
Mathematics
942
_c
BK
999
_c
356
_d
356